Rāṣṭradharma dr̥ṣṭāra Harḍēkara Mañjappa. (Record no. 74179)

MARC details
000 -LEADER
fixed length control field 00690cam a22002531 4500
001 - CONTROL NUMBER
control field sa 67003928
003 - CONTROL NUMBER IDENTIFIER
control field DLC
005 - DATE AND TIME OF LATEST TRANSACTION
control field 20260227112342.0
008 - FIXED-LENGTH DATA ELEMENTS--GENERAL INFORMATION
fixed length control field 890928s1966 ii ach b 000 0 kano
010 ## - LIBRARY OF CONGRESS CONTROL NUMBER
LC control number sa 67003928
035 ## - SYSTEM CONTROL NUMBER
System control number (OCoLC)20408415
040 ## - CATALOGING SOURCE
Original cataloging agency DLC
Transcribing agency WaU
Modifying agency DLC
042 ## - AUTHENTICATION CODE
Authentication code premarc
050 00 - LIBRARY OF CONGRESS CALL NUMBER
Classification number BL1146.M33
Item number A1 1966
100 1# - MAIN ENTRY--PERSONAL NAME
Personal name Manjappa, Hardekar.
245 10 - TITLE STATEMENT
Title Rāṣṭradharma dr̥ṣṭāra Harḍēkara Mañjappa.
260 ## - PUBLICATION, DISTRIBUTION, ETC.
Date of publication, distribution, etc. 1966.
300 ## - PHYSICAL DESCRIPTION
Extent xvi, 1348 p.
Other physical details illus., facsims., ports.
Dimensions 25 cm.
500 ## - GENERAL NOTE
General note In Kannada.
504 ## - BIBLIOGRAPHY, ETC. NOTE
Bibliography, etc. note Bibliographical footnotes.
600 10 - SUBJECT ADDED ENTRY--PERSONAL NAME
Personal name Manjappa, Hardekar.
650 #0 - SUBJECT ADDED ENTRY--TOPICAL TERM
Topical term or geographic name entry element Hinduism.
700 1# - ADDED ENTRY--PERSONAL NAME
Personal name Hālappa, Ga. Sa.

No items available.

Powered by Koha